Làm Sao Để Học Hiệu Quả?

محفوظ في:
التفاصيل البيبلوغرافية
المؤلف الرئيسي: Nguyễn văn hấn
التنسيق: كتاب
اللغة:Vietnamese
منشور في: VH-TT 2012
الوسوم: إضافة وسم
لا توجد وسوم, كن أول من يضع وسما على هذه التسجيلة!
Thư viện lưu trữ: Mạng thư viện Đại học Đà Nẵng
LEADER 00619nam a2200277 4500
001 000025733
003 129
005 20150204120000.0
008 150204s vm 000 vie
020 |c 30000,0000 
040 |a D1 
100 |a Nguyễn văn hấn 
245 |a Làm Sao Để Học Hiệu Quả? 
260 |b VH-TT  |c 2012 
300 |a 143tr. ; 
OWN |a LTT 
999 |a From the UDN01 
TYP |a Monograph 
TYP |a Printed language 
980 |a Mạng thư viện Đại học Đà Nẵng